Internal migration and urbanisation in developing countries (Record no. 47265)
[ view plain ]
| 000 -LEADER | |
|---|---|
| fixed length control field | 00979nam a2200229 a 4500 |
| 008 - FIXED-LENGTH DATA ELEMENTS--GENERAL INFORMATION | |
| fixed length control field | 070316s1988 ||||||||||||||||| || u |
| 020 ## - INTERNATIONAL STANDARD BOOK NUMBER | |
| International Standard Book Number | 0704908492 |
| 050 ## - LIBRARY OF CONGRESS CALL NUMBER | |
| Classification number | CBU.EXT(02)88 |
| 100 ## - MAIN ENTRY--PERSONAL NAME | |
| Personal name | Kasanga R . K |
| 245 10 - TITLE STATEMENT | |
| Title | Internal migration and urbanisation in developing countries |
| Statement of responsibility, etc. | R.K.Kasanga and M.R.Avis |
| 246 ## - VARYING FORM OF TITLE | |
| Title proper/short title | Findings from a study of Ghana |
| 260 ## - PUBLICATION, DISTRIBUTION, ETC. | |
| Place of publication, distribution, etc. | Kumasi,Ghana |
| Name of publisher, distributor, etc. | University Reading department of land management and development |
| Date of publication, distribution, etc. | 1988 |
| 300 ## - PHYSICAL DESCRIPTION | |
| Extent | VII;108P.;ill;app |
| 350 ## - PRICE (NR) (BK AM CF MU VM SE) [OBSOLETE] | |
| Price | 0.00 |
| 490 ## - SERIES STATEMENT | |
| Series statement | research papers in land management and development, environmnetal policy |
| 650 ## - SUBJECT ADDED ENTRY--TOPICAL TERM | |
| Topical term or geographic name entry element | LAND |
| 650 ## - SUBJECT ADDED ENTRY--TOPICAL TERM | |
| Topical term or geographic name entry element | LAND MANAGEMENT--DEVELOPING COUNTRIES |
| 650 ## - SUBJECT ADDED ENTRY--TOPICAL TERM | |
| Topical term or geographic name entry element | Migration,Internal and Exeternal - Developing countries |
| 650 ## - SUBJECT ADDED ENTRY--TOPICAL TERM | |
| Topical term or geographic name entry element | MIGRATION AND ITS EFFECTS |
| 700 ## - ADDED ENTRY--PERSONAL NAME | |
| Personal name | Avis M . R |
| 995 ## - RECOMMENDATION 995 [LOCAL, UNIMARC FRANCE] | |
| -- | 0.00 |
| -- | CBU-MAIN LIBRARY (Kitwe) |
| -- | 1 |
| -- | 0.00 |
| -- | 1 |
| -- | AVAILABLE |
| -- | Mar 16, 2007 |
| -- | International Publications |
| Withdrawn status | Lost status | Source of classification or shelving scheme | Damaged status | Not for loan | Home library | Current library | Shelving location | Date acquired | Total Checkouts | Full call number | Barcode | Date last seen | Price effective from | Koha item type |
|---|---|---|---|---|---|---|---|---|---|---|---|---|---|---|
| CBU-MAIN LIBRARY, KITWE. | CBU-MAIN LIBRARY, KITWE. | 11/30/2022 | CBU.EXT(02)88 | Z03001715 | 11/30/2022 | 11/30/2022 | MONOGRAPH |